Plantilla Athletic Club Femenino 2024/25 con fotos - Estadísticas

Estadísticas generales
  • Esta prueba ha sido intentada 29 veces
    14 desde el último reinicio
  • La puntuación promedio es 16 de 26
Estadísticas de respuestas
Imagen Hint Respuesta % Correcto
Adriana Nanclares
86%
Nahikari García
86%
Naia Landaluze
79%
Ane Elexpuru
71%
Clara Pinedo
71%
Irene Oguiza
71%
Jone Amezaga
71%
Maddi Torre
71%
Mariasun Quiñones
71%
Nerea Nevado
71%
Ane Azkona
64%
Bibi Schulze-Solano
64%
Itxaso Uriarte
64%
Leire Baños
64%
Maite Zubieta
64%
Sara Ortega
64%
Peke Barea
57%
(f) Maitane Vilariño
50%
Maite Valero
50%
Marta Sanadri
50%
(f) Daniela Agote
43%
Gara Fácila
43%
Marta Unzué
36%
Patricia Zugasti
36%
(f) Claudia Fernández
29%
Itsaso Miranda
21%
No se encontraron pruebas coincidentes
Distribución de puntuación
Porcentaje de gente con cada puntuación
Porcentaje por número respondido
Historial de tus puntuaciones
No has intentado esta prueba desde el último reinicio